[Event "Petrosian Mem Internet"]
[Site "ICC INT"]
[Date "2004.12.23"]
[Round "6"]
[White "Fressinet,L"]
[Black "Lputian,S"]
[Result "1-0"]
[WhiteElo "2640"]
[BlackElo "2634"]

1.e4 e6 2.d4 d5 3.Nc3 Bb4 4.e5 c5 5.a3 Ba5 6.b4 cxd4 7.Qg4 Ne7 8.bxa5 dxc3
9.Qxg7 Rg8 10.Qxh7 Nbc6 11.Nf3 Qc7 12.Bf4 Qxa5 13.Rb1 Bd7 14.Ng5 Nxe5 15.h4 Qc7
16.Rh3 Rf8 17.Qg7 N7g6 18.Nh7 Rh8 19.Nf6+ Ke7 20.Bg5 Kd6 21.h5 Ne7 22.Bf4 Nc6
23.Bb5  1-0

[Event "Acropolis GM Open"]
[Site "Athens GRE"]
[Date "2005.03.13"]
[Round "8"]
[White "Lputian,S"]
[Black "Gelashvili,T"]
[Result "1/2-1/2"]
[WhiteElo "2640"]
[BlackElo "2577"]

1.d4 Nf6 2.Nf3 e6 3.c4 b6 4.g3 Ba6 5.b3 Bb4+ 6.Bd2 Be7 7.Bg2 c6 8.Bc3 d5
9.Ne5 Nfd7 10.Nxd7 Nxd7 11.Nd2 O-O 12.O-O Nf6 13.e4 b5 14.exd5 exd5 15.Re1 Rb8
16.cxd5 cxd5 17.b4 Rc8 18.Rc1 Bd6 19.a3 Bb7 20.Nb3 Rc4 21.Na5 Rc7 22.Qd3 Qd7
23.Nb3 Rc4 24.Bd2 Bc8 25.Na5 Rxc1 26.Rxc1 Re8 27.Nb3 a6 28.Nc5 Qg4 29.h3 Qh5
30.Qf3 Qxf3 31.Bxf3 Bxc5 32.dxc5 Bxh3 33.c6 h6 34.c7 Bc8 35.Bf4 g5 36.Be3 Re7
37.Rc6 Re6 38.Rc5 Re7 39.Rc6 Re6 40.Rc5 Re7 41.Bd4 Ne8 42.Rc6 Re6 43.Rc1 Re7
44.Bb6 Nf6 45.Rd1 Bb7 46.Rc1 Bc8 47.Rd1 Bb7 48.Rc1  1/2-1/2

[Event "Acropolis GM Open"]
[Site "Athens GRE"]
[Date "2005.03.14"]
[Round "9"]
[White "Romanishin,O"]
[Black "Lputian,S"]
[Result "1/2-1/2"]
[WhiteElo "2558"]
[BlackElo "2640"]

1.d4 e6 2.Nf3 d5 3.c4 c6 4.g3 Nf6 5.Bg2 Nbd7 6.O-O Be7 7.Nc3 O-O 8.Qd3 b6
9.Rd1 Ba6 10.b3 Ne8 11.Bf4 Nd6 12.Qc2 Qc8 13.Bg5 Re8 14.Bxe7 Rxe7 15.Qb2 Qd8
16.Qa3 Nb8 17.Ne5 Bb7 18.c5 Ne8 19.b4 Nd7 20.Nxd7 Rxd7 21.Qb2 Ba6 22.e4 bxc5
23.Na4 Rb7 24.Nxc5 Rb6 25.e5 Nc7 26.Na4 Rbb8 27.Nc5 Bc4 28.Qd2 Na6 29.Nxa6 Bxa6
30.a3 Bb5 31.Rdb1 a5 32.a4 Bc4 33.bxa5 h6 34.Rxb8 Qxb8 35.Bf1 Bxf1 36.Kxf1 Qa7
37.Rb1 c5 38.dxc5 Qxc5 39.Kg2 Qc7 40.Qd4 Qxa5 41.Rb4 Qc7 42.h4 Qc2 43.Qf4 Qc6
44.Qd4 h5 45.Qd1 Qc3 46.Qd4  1/2-1/2

[Event "2nd Armenian Clubs"]
[Site "Yerevan ARM"]
[Date "2006.01.20"]
[Round "3"]
[White "Kalashian,D"]
[Black "Lputian,S"]
[Result "0-1"]
[WhiteElo "2319"]
[BlackElo "2613"]

1.d4 Nf6 2.c4 c5 3.Nf3 cxd4 4.Nxd4 e5 5.Nb5 d5 6.cxd5 Bc5 7.e3 O-O 8.Bc4 Nbd7
9.Bb3 e4 10.O-O Ne5 11.Qc2 Bd7 12.N1c3 Rc8 13.Nd4 Re8 14.Qb1 Qb6 15.Bc2 Neg4
16.Nxe4 Bxd4 17.exd4 Bb5 18.Rd1 Rxc2 19.Nxf6+ Qxf6 20.Qxc2 Bd3 21.Qd2 Be2
22.f3 Bxd1 23.fxg4 Qh4 24.g3 Qxg4 25.d6 Ba4 26.d5 Qf3 27.b3 Bd7 28.Ba3 Re2  0-1

[Event "XIII TCh-RUS"]
[Site "Sochi RUS"]
[Date "2006.04.22"]
[Round "3"]
[White "Kobalia,M"]
[Black "Lputian,S"]
[Result "1/2-1/2"]
[WhiteElo "2654"]
[BlackElo "2619"]

1.e4 e6 2.d4 d5 3.Nc3 Bb4 4.e5 Ne7 5.a3 Bxc3+ 6.bxc3 c5 7.Qg4 O-O 8.Bd3 Nbc6
9.Qh5 Ng6 10.Nf3 Qc7 11.Be3 c4 12.Bxg6 fxg6 13.Qg4 Qf7 14.Ng5 Qe8 15.h4 Bd7
16.Nh3 h6 17.Nf4 Ne7 18.Qe2 b5 19.Qd2 a5 20.Ke2 Qf7 21.Rab1 Nf5 22.g3 b4
23.Rh2 bxc3 24.Qxc3 Nxe3 25.Kxe3 Qf5 26.Kd2 Rab8 27.Rxb8 Rxb8 28.f3 g5 29.hxg5 Qxg5
30.Qe3 Rf8 31.Rh3 Ba4 32.Kc1 Qf5 33.Qd2 g5 34.Rxh6 gxf4 35.g4 Qg5 36.Qh2 Kf7
37.Rh5 Qg6 38.Rh6 Qg5 39.Rh5 Qg6 40.Rh6 Qg5  1/2-1/2

[Event "XIII TCh-RUS"]
[Site "Sochi RUS"]
[Date "2006.04.28"]
[Round "9"]
[White "Lputian,S"]
[Black "Yevseev,D"]
[Result "1-0"]
[WhiteElo "2619"]
[BlackElo "2580"]

1.d4 d5 2.c4 e6 3.Nf3 Nf6 4.Bg5 h6 5.Bxf6 Qxf6 6.Nc3 c6 7.e3 Nd7 8.Bd3 dxc4
9.Bxc4 g6 10.O-O Qe7 11.e4 Bg7 12.e5 O-O 13.Re1 Rd8 14.Bd3 b6 15.Qe2 Rb8
16.Rad1 Bb7 17.Be4 b5 18.h4 Nb6 19.Rc1 a6 20.Nb1 Rdc8 21.Qe3 Nc4 22.Qc3 c5
23.dxc5 Bxe4 24.Rxe4 Qxc5 25.b3 Nd6 26.Ree1 Qxc3 27.Nxc3 b4 28.Nd5 Rxc1 29.Rxc1 Ne4
30.Ne7+ Kh7 31.Nc6 Rc8 32.Rc2 Bf8 33.Nxb4 Rd8 34.Nxa6 Rd1+ 35.Kh2 Rf1 36.g3 Rxf2+
37.Rxf2 Nxf2 38.b4 Be7 39.b5 Bd8 40.Nd4 Ng4+ 41.Kh3 Ne3 42.Nc6 Bb6 43.a4 Nc4
44.Nab8  1-0

[Event "3rd Open"]
[Site "Kolkata IND"]
[Date "2008.03.25"]
[Round "2"]
[White "Mohota,N"]
[Black "Lputian,S"]
[Result "0-1"]
[WhiteElo "2409"]
[BlackElo "2616"]

1.d4 e6 2.c4 Bb4+ 3.Nc3 Nf6 4.Qc2 O-O 5.a3 Bxc3+ 6.Qxc3 Ne4 7.Qc2 f5 8.Nh3 d6
9.f3 Nf6 10.e3 Qe7 11.Bd2 e5 12.dxe5 dxe5 13.Nf2 Nc6 14.O-O-O Be6 15.Be2 a5
16.Nd3 Nd7 17.Kb1 Nb6 18.Nf2 Kh8 19.Rc1 Rfd8 20.Rhd1 Qh4 21.Nh3 f4 22.Be1 Qh6
23.exf4 Nd4 24.Rxd4 Rxd4 25.Bc3 Bxh3 26.Bxd4 exd4 27.gxh3 Qxf4 28.Bd3 Qh6
29.c5 Nd7 30.Re1 Nxc5 31.Qxc5 Qd2 32.Re7 Qxd3+ 33.Ka2 a4 34.Rxc7 h6 35.Qe5 Rg8
36.Rd7 Qb3+ 37.Kb1 Qxf3 38.Qxd4 b5 39.Qd5 Qxh3 40.Qxb5 Qxh2 41.Qxa4 Qe5 42.Qd4 Qxd4
43.Rxd4 g5 44.b4 g4 45.Rd6 Kh7 46.Rd1 g3 47.Rg1 h5 48.Kc2 h4 49.Kd2 g2 50.Ke2 h3  0-1

[Event "3rd Open"]
[Site "Kolkata IND"]
[Date "2008.03.28"]
[Round "5"]
[White "Rahman,Zia"]
[Black "Lputian,S"]
[Result "1-0"]
[WhiteElo "2492"]
[BlackElo "2616"]

1.Nf3 Nf6 2.c4 g6 3.Nc3 d5 4.Qa4+ Bd7 5.Qb3 dxc4 6.Qxc4 a6 7.d4 b5 8.Qb3 Nc6
9.Bf4 Bg7 10.e3 Nh5 11.Bg5 h6 12.Bh4 g5 13.Bg3 Nxg3 14.hxg3 Na5 15.Qc2 c5
16.d5 e6 17.Rd1 Qb6 18.Be2 c4 19.Nd4 O-O-O 20.dxe6 Bxe6 21.Nxe6 Qxe6 22.O-O Rxd1
23.Rxd1 Rd8 24.Rxd8+ Kxd8 25.Nxb5 axb5 26.Qd2+ Ke7 27.Qxa5 Qe5 28.Qb4+ Kd8
29.Bf3 Qxb2 30.Qd6+ Kc8 31.Qc6+ Kd8 32.Qb6+ Ke7 33.Qc7+ Ke6 34.Bg4+ Kd5 35.Qxf7+ Kc5
36.a3 Qe5 37.Qa7+ Kd6 38.Qd7+ Kc5 39.Bf3  1-0

[Event "TCh-ARM"]
[Site "Yerevan ARM"]
[Date "2008.06.19"]
[Round "3"]
[White "Simonian,H"]
[Black "Lputian,S"]
[Result "1-0"]
[WhiteElo "2443"]
[BlackElo "2601"]

1.e4 e6 2.d4 d5 3.Nc3 Nf6 4.Bg5 Bb4 5.exd5 Qxd5 6.Bxf6 gxf6 7.Ne2 Nc6 8.Qd2 Bxc3
9.Nxc3 Qxd4 10.Qxd4 Nxd4 11.O-O-O c5 12.Ne4 b6 13.c3 Nf5 14.g4 Nh4 15.Nxf6+ Ke7
16.g5 h6 17.f4 Rb8 18.Bb5 Rb7 19.Rd3 Ng6 20.Rf1 hxg5 21.fxg5 Rc7 22.Re3 Bb7
23.Rf2 c4 24.Rd2 Rd8 25.Rxd8 Kxd8 26.b4 cxb3 27.Rd3+ Kc8 28.axb3 Nf4 29.Rg3 Rc5
30.Bf1 Ng6 31.Bd3 Nf4 32.Kd2 Ra5 33.h4 Ra2+ 34.Bc2 Nd5 35.Nxd5 Bxd5 36.Kd3 e5
37.c4 Be6 38.Kc3 Ra1 39.h5 Rh1 40.g6 fxg6 41.hxg6 Rh4 42.g7 Bg8 43.Rf3 Rf4
44.Rxf4 exf4 45.Be4 Kd7 46.Kd4 Kd6 47.Bd5 Bh7 48.g8=Q Bxg8 49.Bxg8 f3 50.Ke3 Kc5
51.Kxf3 b5 52.Bf7 bxc4 53.bxc4  1-0

[Event "24th ECC"]
[Site "Kallithea GRE"]
[Date "2008.10.19"]
[Round "3"]
[White "Lputian,S"]
[Black "Van der Werf,M"]
[Result "1/2-1/2"]
[WhiteElo "2588"]
[BlackElo "2414"]

1.d4 d5 2.c4 e6 3.Nf3 c6 4.Nbd2 Nf6 5.g3 c5 6.Bg2 Nc6 7.O-O cxd4 8.cxd5 Nxd5
9.Nb3 Be7 10.Nfxd4 O-O 11.Nxc6 bxc6 12.Bd2 Ba6 13.Qc2 Qb6 14.Ba5 Qb5 15.e4 Nb4
16.Bxb4 Qxb4 17.Rfc1 Rfc8 18.a3 Qb6 19.Nc5 Bxc5 20.Qxc5 Qxb2 21.Rab1 Qd2
22.e5 g6 23.Bxc6 Rab8 24.Rxb8  1/2-1/2